| 000 | 01074ncm a2200349 c 4500 | ||
|---|---|---|---|
| 003 | BLK | ||
| 005 | 20250128005537.0 | ||
| 008 | 180414b bul |a|er|||| |0| c|bulo| | ||
| 010 | _aNOT00003159000 | ||
| 040 | _aBLK | ||
| 041 |
_aDEU _cDEU |
||
| 080 |
_aМузика за пиано _b786.2 _x _z786.2 |
||
| 100 | 1 |
_aШуман, Роберт _eпърви автор _9376591 |
|
| 700 |
_aSchumann, Robert _9387484 |
||
| 700 | 1 |
_aSauer, Emil von _eausg. _9388767 |
|
| 139 |
_aШуман, Роберт _bШ 97 |
||
| 245 | 1 | 0 |
_aKonzert _bFur Klavier zu zwei Handen _cРоберт Шуман; * Robert Schumann; ausg. Emil von Sauer. _sOp.54 |
| 254 | _aКлавир | ||
| 257 | _aDEU | ||
| 260 |
_аLeipzig _bPeters 2328 _cS. a. |
||
| 300 |
_a48 с. _c30 см |
||
| 380 | _a7 | ||
| 650 | 0 |
_aПиано - концерти _9283545 |
|
| 653 | _aпиано | ||
| 653 | _aконцерти | ||
| 852 |
_aЦб М ІІ 2923 _p0 |
||
| 856 | 4 |
_qpdf _u |
|
| 856 | 4 |
_qpdf _u |
|
| 942 |
_cNOT _n0 |
||
| 944 |
_aCR _c25.03.2010 _k _lCRON CRON |
||
| 944 |
_aED _c25.03.2010 _k |
||
| 999 |
_c316204 _d316204 |
||